Представление документа в формате RUSMARC

ПолеНазваниеЗначение
  Тип записи a
  Библиографический уровень m
001 Контрольный номер c7d4d59119d1436baf3b782303ebbca0
005 Дата корректировки 20171028135822.5
010 Индекс ISBN __
a ISBN 978-5-406-03711-9
101 Язык документа 0_
a Язык текста rus
102 Страна публикации __
a Страна публикации RU
200 Заглавие и сведения об ответственности 1_
a Заглавие Бухгалтерский учёт и анализ
b Общее обозначение материала Текст
e Сведения, относящиеся к заглавию учебник
f Первые сведения об ответственности Т. М. Рогуленко, С. В. Пономарева, А. В. Бодяко, В. М. Мироненко
g Последующие сведения об ответственности под ред. Т. М. Рогуленко
210 Выходные данные 1_
a Место издания М.
c Издательство КноРус
d Дата издания 2017
215 Физическое описание __
a Объем 510 с.
225 Серия 2_
a Серия Бакалавриат
610 Ключевые слова 0_
a Ключевые слова бухгалтерский учет
610 Ключевые слова 0_
a Ключевые слова бухгалтерский финансовый учет
610 Ключевые слова 0_
a Ключевые слова аудит
610 Ключевые слова 0_
a Ключевые слова управленческий учет
610 Ключевые слова 0_
a Ключевые слова экономический анализ
a Ключевые слова бакалавриат
a Ключевые слова учебник
a Ключевые слова высшее образование
a Ключевые слова гриф
686 Индексы других классификаций __
a Классификационный индекс 65.052я73
686 Индексы других классификаций __
a Классификационный индекс 65.053я73
701 Альтернативная интеллектуальная ответственность _1
a Фамилия Пономарева
b Имя С. В.
g Полное личное имя Светлана Валерьевна
e Роль лиц Автор
4 Код отношения 070
701 Альтернативная интеллектуальная ответственность _1
a Фамилия Бодяко
b Имя А. В.
g Полное личное имя Анна Владимировна
e Роль лиц Автор
4 Код отношения 070
701 Альтернативная интеллектуальная ответственность _1
a Фамилия Рогуленко
b Имя Т. М.
e Роль лиц Автор
4 Код отношения 070
701 Альтернативная интеллектуальная ответственность _1
a Фамилия Мироненко
b Имя В. М.
e Роль лиц Автор
4 Код отношения 070
702 Вторичная интеллектуальная ответственность _1
a Фамилия Рогуленко
b Имя Т. М.
g Полное личное имя Татьяна Михайловна
e Роль лиц Редактор
4 Код отношения 340
801 Источник записи _0
a Страна RU
b Организация РУК
g Правила каталогизации PSBO
801 Источник записи _1
a Страна RU
b Организация РУК
c Дата составления 20171028
g Правила каталогизации PSBO
852 Данные о местонахождении __
i Авторский знак Б 94
j Шифр хранения ББК 65.052
901 Тип документа __
t Тип документа m
937 Технологическая информация __
a Создатель записи (имя) Мясникова
938 Служебная информация __
a Название организации Головной вуз
952 Тип литературы __
b Гриф литературы для ВШ гриф
c Вид литературы учебник